00570 a2200181 450000100060000002000180000604000260002410000230005024000200007324500150009330000100010836200090011865000310012794200070015895201090016595200970027499900170037148329 a9788516102036 cAnchieta - Bela Vista aMachado, Ana Maria10aO que é?lpor10aO que é? a28 p.0 a2015 4aLiteratura infanto-juvenil cBK 00104070a91.4b91.4d2023-11-21l0o028.5 M149o MAC OQUp158/BELr2023-11-21 17:39:39w2023-11-21yBK 00104070a80.1b80.1d2024-02-09l0oMAC - Q1pA19700r2024-02-09 21:19:05w2024-02-09yBK c48329d48329